00580nam a2200145 a 4500008004100000050002200041100002800063245014000091260004000231300001800271500002400289650004600313650003600359650003900395170817s2016 ||||||||||||||||| || u aCBU-PG THESIS/BOM aBoma, Catherine Kalunga10aManagement of household solid waste in Kitwe: a case of Nkana East, Misenshi-Mindolo and Chimwemwe Townshipscby Catherine Kalunga Boma aKitwe:bCopperbelt Universityc2016 ax, 68p.: ill. aIncludes References aREFUSE AND REFUSE DISPOSAL--KITWE--ZAMBIA aWASTE MANAGEMENT--KITWE--ZAMBIA aREFUSE AND REFUSE DISPOSAL--ZAMBIA